| 000 | 00697nam a22002057a 4500 | ||
|---|---|---|---|
| 999 |
_c6890 _d6890 |
||
| 003 | AR-CdUCM | ||
| 008 | 190319b ||||| |||| 00| 0 spa d | ||
| 040 |
_aMUNICIPALIDAD PROVINCIAL DEL CUSCO _cBIBLIOTECA MUNICIPAL DEL CUSCO |
||
| 082 |
_a146 / _bN53 |
||
| 100 |
_aNicoli, Francisco _919419 |
||
| 245 | _aMétodo dialéctico marxista / | ||
| 260 |
_aLima : _bRocarme, _c1990. |
||
| 300 |
_a265 páginas ; _c21 cm. |
||
| 505 | _aContenido : Trayectoria histórica de la dialéctica -- El marxismo -- Enjuiciamiento critico -- La dialéctica de Federico Engels ... | ||
| 650 |
_aMarxismo _924 |
||
| 650 |
_aDialéctica _95490 |
||
| 650 |
_aHistoria _9136 |
||
| 942 |
_2ddc _cLIBROS |
||
| 945 | _arah | ||